| 000 | 00000nas 2200000za 4500 |
| 001 | 9.502846 |
| 003 | CaOODSP |
| 005 | 20230914132018 |
| 007 | cr ||||||||||| |
| 008 | 150406d20022002xxc|| p o||||f| |0fre|d |
| 022 | |a1704-1716 |
| 040 | |aCaOODSP|bfre |
| 043 | |an-cn--- |
| 086 | 1 |aR12-10F-PDF |
| 245 | 00|aBâtisseurs de l'économie autochtone. |
| 264 | 1|aOttawa, Ontario : |bAffaires indiennes et du Nord, |c2002. |
| 310 | |aMensuel |
| 362 | 1 |aParaît depuis n° 1 (avril 2002); ne paraît plus après n° 4 (août/sept. 2002). |
| 691 | 07|aAutochtones|2gcpds |
| 710 | 1 |aCanada.|bAffaires indiennes et du Nord, |eorganisme de publication. |
| 775 | 08|tBuilding aboriginal economies |w(CaOODSP)9.506450 |
| 776 | 0#|tBâtisseurs de l'économie autochtone et du Nord |w(CaOODSP)9.510741 |
| 776 | 0#|tBuilding Aboriginal and northern economies |w(CaOODSP)9.510740 |
| 785 | 00|tBâtisseurs de l'économie autochtone et du Nord|w(CaOODSP)9.502847 |